000 00360 a2200169 4500
001 184970
020 _a978-85-16-05093-1
040 _cMagnum
100 _aBandeira, Pedro
240 1 0 _aO pequeno lobisomem
_lpor
245 1 0 _aO pequeno lobisomem
300 _a48
362 0 _a2009
440 1 _aModerna
697 _aLITERATURA INFANTO
942 _cBK
999 _c184970
_d184970